| 000 | 00709 a2200193 4500 | ||
|---|---|---|---|
| 020 | _a0691011516 | ||
| 020 | _a9780691011516 | ||
| 082 | 0 | 4 | _a512.8 |
| 090 |
_c1426 _d1426 |
||
| 100 | 1 | _aKrolik, Julian H. | |
| 245 | 1 | 0 |
_aActive galactic nuclei : _cJulian H. Krolik. _bFrom the Central Black Hole to the Galactic Enviornment / |
| 260 |
_a[S.l.] : _bPrinceton University Press, _c1999. |
||
| 300 |
_a598 p. ; _c23 cm. |
||
| 490 | 1 | _aPrinceton series in astrophysics. | |
| 700 | _aKrolik, Julian H. | ||
| 830 | 0 | _aPrinceton series in astrophysics. | |
| 942 |
_aSNS _cBK _k512.8 KRO |
||
| 999 |
_c30037 _d30037 |
||